| 000 | 00000nam##2200000za#4500 |
| 001 | 9.688257 |
| 003 | CaOODSP |
| 005 | 20210624231337 |
| 007 | cr ||||||||||| |
| 008 | 150407|2005||||xxc|||||o f|0| 0 eng|d |
| 040 | |aCaOODSP|beng |
| 043 | |an-cn--- |
| 086 | 1 |aM144-67/2005E-PDF |
| 110 | 1 |aCanada.|bNatural Resources Canada. |bOffice of Energy Efficiency. |
| 245 | 10|aRoad rehabilitation energy reduction guide for Canadian road builders |h[electronic resource] |
| 260 | |aOttawa - Ontario : |bNatural Resources Canada. |c2005. |
| 300 | |a29p.|bfigs., tables |
| 500 | |aCatalogue number and ISBN of the bilingual print edition have been printed in the PDF edition. |
| 500 | |a"In collaboration with the Canadian Construction Association" |
| 590 | |a06-12|b2006-03-24 |
| 690 | 07|aRoad construction|2gcpds |
| 775 | 08|tGuide d'économie d'énergie pour la réfection des routes à l'intention des entrepreneurs canadiens en construction routière |w(CaOODSP)9.632689 |
| 856 | 40|ahttp://publications.gc.ca|qPDF|s553 KB|uhttps://publications.gc.ca/collections/Collection/M144-67-2005E.pdf |